Astronomy : A comprehensive study

Bibliographic Details
Format: Book
Published: New york : Larsen & keller , 2017
Subjects:

MARC

LEADER 00000cam a2200000 7i4500
001 0000079069
005 20180322.0
008 180322
020 |a 9781635494280 
090 0 0 |a R 520   |b AST 
245 0 0 |a Astronomy :   |b A comprehensive study   |c Edited by Alejandro Cooke 
260 |a New york :   |b Larsen & keller ,   |c 2017 
650 0 |a Astronomy 
650 0 |a Astronomy instruments 
650 0 |a Astronomy--observations 
999 |a 0001505576   |b Book   |c REFERENCE   |e Cawangan Taman Sri Lambak 
999 |a 0001505577   |b Book   |c REFERENCE   |e Cawangan Bukit Gambir 
999 |a 0001505578   |b Book   |c REFERENCE   |e Cawangan Pontian 
999 |a 0001505579   |b Book   |c REFERENCE   |e Cawangan Tangkak 
999 |a 0001505580   |b Book   |c REFERENCE   |e Cawangan Muar 
999 |a 0001505581   |b Book   |c REFERENCE   |e Cawangan Bandar Tenggara 
999 |a 0001505582   |b Book   |c REFERENCE   |e Cawangan Segamat 
999 |a 0001505583   |b Book   |c REFERENCE   |e Cawangan Sri Merlong 
999 |a 0001505585   |b Book   |c Adult Collection   |e Cawangan Mersing 
999 |a 0001505586   |b Book   |c REFERENCE   |e Cawangan Bandar Penawar 
999 |a 0001505587   |b Book   |c Adult Collection   |e Cawangan Batu Pahat 
999 |a 0001505588   |b Book   |c REFERENCE   |e Cawangan Kota Tinggi